| 000 | 00675nam a2200217 u 4500 | ||
|---|---|---|---|
| 001 | 000002525 | ||
| 005 | 20240301134916.0 | ||
| 008 | 090702s1984 dr d 001 0 spa d | ||
| 040 | _aDO-SdBNP | ||
| 082 |
_aR 103 _bH557d, 1984 |
||
| 100 | 1 |
_aHernández Disla, Pablo María, _d1942- _911 |
|
| 245 | 1 | 0 |
_aDiccionario filosófico / _cPablo María Hernández. |
| 250 | _a2a ed. ampl. | ||
| 260 |
_aSanto Domingo : _bTalleres Gráficos, _c[1984]. |
||
| 300 |
_a181 p. ; _c21 cm. |
||
| 504 | _aBibliografía: p. 181-182 | ||
| 650 | 4 |
_aFilosofía _vDICCIONARIOS _97932 |
|
| 650 | 4 |
_aCiencias políticas _vDICCIONARIOS _97933 |
|
| 910 | _aJornada de catalogación | ||
| 049 | _aBNPD | ||
| 999 |
_c2361 _d2361 |
||